000 00699nam a2200181Ia 4500
008 090630s9999 xx 000 0 und d
082 _b9361
100 _aघाणेकर प्र. के.
245 _aजलदुर्गांच्या सहवासात.
_cघाणेकर प्र. के.
260 _bस्नेहल - पुणे 4.
300 _a179
600 _aघाणेकर प्र. के.
630 _aजलदुर्गांच्या सहवासात.
655 _aप्रवास.
700 _aघाणेकर प्र. के.
730 _aजलदुर्गांच्या सहवासात.
942 _cBOOK
999 _c261217
_d261217